000
00308 a2200145 4500
001
47471
020
_a
9788566642544
040
_c
Anchieta - Aquarius
100
_a
Oram, Hiawyn
240
1
0
_a
No sotão
_l
por
245
1
0
_a
No sotão
362
0
_a
2017
650
4
_a
Literatura infanto-juvenil
942
_c
BK
999
_c
47471
_d
47471